01331cam a2200313 a 4500001001000000003000900010005001700019008004100036020001500077035002000092040002300112042001400135049000900149082002000158100002900178245013200207260010600339300002100445504004200466610004600508651005600554651005200610700003700662910003400699942001400733952012400747952012900871999001701000000013367DO-SdBNP20251022121711.0970908s1996 ve b 001 0 spa d a9803171089 a(OCoLC)37513436 aDO-SdBNPcNcDdDLC alccopycat aBNGR a338.13bS482ó1 aSerbin, Andrés.93057313aEl ocaso de las islas :bel Gran Caribe frente a los desafíos globales y regionales /cAndrés Serbin ; Eufemia Hernández. aCaracas :bInstituto Venezolano de Estudios Sociales y Políticos (INVESP) :bNueva Sociedad,c1996. a139 p. ;c23 cm. aIncluye referencias bibliográficas.20aAsociación de Estados del Caribe930574 0aCaribe (Región)xIntegración económica987401 0aCaribe (Región)xRelaciones exteriores9874011 aHernández, Eufemiaeed.930576 aCatalogación por copia / LC 2ddccLBS1 001052708MOaGRbGRcCTd2009-11-23iLF1l0o338.13 S482óp13367-10r2020-06-25w2020-06-25y2ZPréstamo interno 001053728MOaGRbGRcCTd2009-11-23iLF1l0o338.13 S482óp13367-20r2020-06-25te.2w2020-06-25y2ZPréstamo interno c12994d12994